|
|
|
|
| LEADER |
00000nab a2200000 a 4500 |
| 001 |
vtls008885995 |
| 003 |
SK-MaSNL |
| 005 |
20260304140042.0 |
| 008 |
250505c2006 xo mr|p|||||||000 b|slo |
| 015 |
|
|
|a SNBRB2006/11
|
| 035 |
|
|
|a (uuid)d5643def-6b9e-4a6c-af0c-1ae58b9f6f49
|
| 035 |
|
|
|a urn:nbn:sk:snk-abyug
|
| 035 |
|
|
|a (urnnbn)urn:nbn:sk:snk:ar-003fbn
|
| 038 |
|
|
|a SNKBUCL
|
| 040 |
|
|
|a SNKBUCL
|b slo
|c SNKBUCL
|e AACR2
|
| 041 |
0 |
|
|a slo
|
| 044 |
|
|
|a xo
|c SK
|
| 080 |
|
|
|a 347.91
|2 1997
|
| 080 |
|
|
|a 347.951.3
|2 1997
|
| 100 |
1 |
|
|a Poláčková, Alena
|4 aut
|9 1405723
|
| 245 |
1 |
0 |
|a Igor Vrabec proti Slovenskej republike
|c Alena Poláčková
|
| 650 |
0 |
7 |
|a súdne spory
|2 snkbucl
|9 59780
|
| 650 |
0 |
7 |
|a súdne rozhodnutia a stanoviská
|2 snkbucl
|9 4638
|
| 773 |
0 |
|
|t Justičná revue
|g Roč. 58, č. 10 (2006)
|g Roč. 58, č. 10 (2006), s. 8-11
|x 1335-6461
|
| 773 |
0 |
|
|t Judikatúra Európskeho súdu pre ľudské práva
|g Roč. 58, č. 10 (2006)
|g Roč. 58, č. 10 (2006), s. 8-11
|x 1335-6461
|
| 850 |
|
|
|a Slovenská národná knižnica
|
| 852 |
|
|
|a Slovenská národná knižnica
|
| 954 |
|
|
|a odborná, vedecká literatúra pôvodná (slovenská)
|2 lita
|
| 958 |
|
|
|a article27
|
| 958 |
|
|
|a OND
|
| 958 |
|
|
|a SK
|
| 958 |
|
|
|a EUIPO
|
| 999 |
|
|
|c 2913334
|d 2915264
|